000 00507nam a22002057a 4500
005 20230119160617.0
008 230102b |||||||| |||| 00| 0 eng d
020 _a9789355012098
041 _aeng
082 _a540.1
_bCHA
100 _aChaudhari Archana
_9106515
245 _aEnergy and Environment
250 _a1st
260 _aNew Delhi
_bS Chand & company Ltd
_c2022
300 _a1-173
365 _b145
_cRs
650 _aChemistry
_9106516
700 _aPandey Aditi
_9106517
942 _cBK
999 _c83727
_d83727